Kendrick Lamar Knowledge Quiz - Statistics

General Stats
  • This quiz has been taken 30 times
  • The average score is 20 of 30
Answer Stats
Hint Answer % Correct
Studio Albums DAMN.
96%
Studio Albums GNX
96%
Studio Albums Mr. Morale & The Big Steppers
96%
Studio Albums Section.80
96%
Studio Albums good kid, m.A.A.d city
93%
Studio Albums To Pimp a Butterfly
89%
Kendrick's cousin who is afrequent collaborator Baby Keem
85%
Name one of the features onMr. Morale & the big steppers Baby Keem/Blxst/Amanda Reifer/Taylour Paige/KodakBlack/Summer walker/Ghostface Killah/Sam Dew/ Tanna Leone
85%
Most streamed song on GNX luther
85%
Name one of their songstogether Vent/Family ties/the hillbillies/good flirts/house money/range brothers/N95/Savior
81%
Most streamed song All the stars
78%
What movie did KendrickLamar make an album for? Black Panther
78%
Name one of the features onGNX SZA/Dody6/Lefty Gunplay/Wallie the sensei/Siete7x/Roddy Ricch/AZ Chike/Hitta J3/YoungThreat/Peysoh
78%
What city is Kendrick Lamarfrom? Compton
74%
Intro Tracks Wesley's Theory
74%
Name one of the features onDAMN. Rihanna/U2/Zacari
70%
Intro Tracks BLOOD.
67%
Intro Tracks wacced out murals
63%
Intro Tracks Sherane a.k.A Master Splinter's Daughter
59%
What song on UntitledUnmastered is SZA featured? Untitled 04 | 08.14.2014
59%
Intro Tracks Fuck your ethnicity
56%
Intro Tracks United in Grief
56%
What is the reversed versionof DAMN. called? DAMN. COLLECTORS EDITION
52%
LLC/label owned by Kendrick& Dave Free pgLang
48%
Kendrick is a former member/co founder of this group Black hippy
44%
Headlining tours named (2025) Grand National Tour
37%
Headlining tours named (2022) The big steppers tour
33%
Headlining tours named (2017) The DAMN. Tour
30%
Headlining tours named (2013) good kid, m.A.A.d city tour
26%
Headlining tours named (2015) Kunta's groove sessions
19%
No matching quizzes found
Score Distribution
Percent of People with Each Score
Percentile by Number Answered
Your Score History
You have not taken this quiz